Pays de la Coupe du Monde de Football 1934 (Mort subite) - Statistiques

Statistiques générales
  • Ce quiz a été pris 283 fois
  • Le résultat moyen est 3 sur 16
Answers on the Grid
Answers color-coded by a green-red scale on the quiz's grid according to % correct below.
Allemagne
Autriche
Belgique
Espagne
Hongrie
France
Italie
Pays-Bas
Roumanie
Suède
Suisse
Tchécoslovaquie
Argentine
Brésil
Etats-Unis
Egypte
Mexique
Chili
Yougoslavie
Bolivie
Uruguay
Pérou
Paraguay
Japon
Maroc
Portugal
Grèce
Bulgarie
Australie
Pologne
 
Statistiques - réponses
Réponse % Correct
France
47%
Italie
42%
Brésil
37%
Allemagne
32%
Tchécoslovaquie
23%
Argentine
18%
Espagne
16%
Etats-Unis
16%
Belgique
15%
Suisse
12%
Autriche
10%
Hongrie
10%
Pays-Bas
7%
Suède
7%
Egypte
5%
Roumanie
5%
Aucun quiz correspondant
Distribution des résultats
% des personnes avec chaque résultat
Percentile par nombre de réponses
Votre historique - résultats
Vous n’avez pas pris ce quiz